| 000 | 00764nam a2200241Ia 4500 | ||
|---|---|---|---|
| 003 | OSt | ||
| 005 | 20220926022109.0 | ||
| 006 | a|||||r|||| 00| 0 | ||
| 007 | ta | ||
| 008 | 220923b |||||||| |||| 00| 0 eng d | ||
| 037 | _cGeneral Book | ||
| 040 |
_aRTL _cRTL _beng |
||
| 041 |
_2eng _aeng |
||
| 082 | _aX:56.V1N45.P04r, P5/UN | ||
| 110 |
_aUNITED NATIONS, GENERAL ASSEMBLY _999298 |
||
| 245 | 0 |
_aFinancial report and audited financial statements _b Official records, 59th session |
|
| 260 |
_aNew York _bUnited Nations _c2005 |
||
| 300 |
_axiii, 211p. _ccm. |
||
| 490 | _aSupplement No. 5 | ||
| 700 |
_aUNITED NATIONS, GENERAL ASSEMBLY _999299 |
||
| 942 |
_hX:56.V1N45.P04r, P5/UN _cGB _2CC |
||
| 999 |
_c638495 _d638495 |
||